|
|
|
|
| LEADER |
00000nam0a2200000 4500 |
| 001 |
159731 |
| 005 |
20231101222132.0 |
| 010 |
|
|
|a 9785160036298
|
| 035 |
|
|
|a (RuTPU)RU\TPU\book\173243
|
| 090 |
|
|
|a 159731
|
| 100 |
|
|
|a 20090514d2009 m y0rusy50 ca
|
| 101 |
0 |
|
|a rus
|
| 102 |
|
|
|a RU
|
| 105 |
|
|
|a a j 001zy
|
| 200 |
1 |
|
|a Налоги и налоговая система Российской Федерации
|e учебное пособие
|f Финансовая академия при Правительстве Российской Федерации ; под ред. Л. И. Гончаренко
|
| 210 |
|
|
|a Москва
|c Инфра-М
|d 2009
|
| 215 |
|
|
|a 318 с.
|c ил.
|
| 225 |
1 |
|
|a Высшее образование
|
| 320 |
|
|
|a Библиогр.: с. 315.
|
| 330 |
|
|
|a В учебном пособии раскрыты причины возникновения налогов, их экономическая сущность, функции, принципы и методы налогообложения. Особое внимание уделено проблемам организации налоговой системы и ее управлению. Учебное пособие дает знание механизма исчисления и уплаты каждого налога, входящего в российскую налоговую систему, а также по специальным налоговым режимам. Материал излагается доступным языком, четко, последовательно, сопровождается необходимыми визуальными средствами, примерами.
|
| 606 |
1 |
|
|a Налоги
|2 stltpush
|3 (RuTPU)RU\TPU\subj\36467
|9 57834
|
| 610 |
1 |
|
|a экономика
|
| 610 |
1 |
|
|a финансы
|
| 610 |
1 |
|
|a доходы
|
| 610 |
1 |
|
|a налоговая система
|
| 610 |
1 |
|
|a Российская Федерация
|
| 610 |
1 |
|
|a методология
|
| 610 |
1 |
|
|a федеральные налоги
|
| 610 |
1 |
|
|a акцизы
|
| 610 |
1 |
|
|a сборы
|
| 610 |
1 |
|
|a налог на прибыль организаций
|
| 610 |
1 |
|
|a налог на добавленную стоимость
|
| 610 |
1 |
|
|a налог на доходы физических лиц
|
| 610 |
1 |
|
|a единый социальный налог
|
| 610 |
1 |
|
|a налог на добычу полезных ископаемых
|
| 610 |
1 |
|
|a водный налог
|
| 610 |
1 |
|
|a государственные пошлины
|
| 610 |
1 |
|
|a региональные налоги
|
| 610 |
1 |
|
|a местные налоги
|
| 610 |
1 |
|
|a налог на имущество организаций
|
| 610 |
1 |
|
|a налог на игорный бизнес
|
| 610 |
1 |
|
|a налог на имущество физических лиц
|
| 610 |
1 |
|
|a земельный налог
|
| 610 |
1 |
|
|a транспортный налог
|
| 610 |
1 |
|
|a специальные налоговые режимы
|
| 610 |
1 |
|
|a единый сельскохозяйственный налог
|
| 610 |
1 |
|
|a налогообложение
|
| 610 |
1 |
|
|a упрощенная система
|
| 610 |
1 |
|
|a учебные пособия
|
| 686 |
|
|
|a У9(2)261.4я73
|v LBC/SL-A
|2 rubbk
|
| 702 |
|
1 |
|a Гончаренко
|b Л. И.
|4 340
|
| 712 |
0 |
2 |
|a Финансовая академия при Правительстве Российской Федерации
|2 stltpush
|3 (RuTPU)RU\TPU\col\159
|
| 801 |
|
1 |
|a RU
|b 63413507
|c 20090514
|g PSBO
|
| 801 |
|
2 |
|a RU
|b 63413507
|c 20151216
|g RCR
|
| 900 |
|
|
|a Налоги и налогообложение
|
| 942 |
|
|
|c BK
|
| 951 |
|
|
|b 080105
|b 080107
|
| 959 |
|
|
|a 58/20090508
|d 1
|e 178,40
|f ЧЗГЛ:1
|
| 959 |
|
|
|a 103/20091007
|d 1
|e 169,90
|f ЧЗГЛ:1
|